Ordine e disordine (Record n. 88143)

Dettagli MARC
000 -LEADER
fixed length control field 01659nam a2200289Ia 4500
001 - CONTROL NUMBER
control field E9361
003 - CONTROL NUMBER IDENTIFIER
control field IT-RoPAU
008 - FIXED-LENGTH DATA ELEMENTS--GENERAL INFORMATION
fixed length control field 130308s9999 xx 000 0 und d
040 ## - CATALOGING SOURCE
Original cataloging agency IT-RoPAU
040 ## - CATALOGING SOURCE
Transcribing agency IT-RoPAU
041 ## - LANGUAGE CODE
Language code of text/sound track or separate title ITALIANO
100 ## - MAIN ENTRY--PERSONAL NAME
Personal name Caprettini Gianpaolo
100 ## - MAIN ENTRY--PERSONAL NAME
Miscellaneous information Codice Aut. SPICS: 11221
245 ## - TITLE STATEMENT
Title Ordine e disordine
245 ## - TITLE STATEMENT
Remainder of title Ordine e Disordine
250 ## - EDITION STATEMENT
Edition statement 1a ed.
260 ## - PUBLICATION, DISTRIBUTION, ETC. (IMPRINT)
Place of publication, distribution, etc. ROMA
260 ## - PUBLICATION, DISTRIBUTION, ETC. (IMPRINT)
Name of publisher, distributor, etc. Meltemi
260 ## - PUBLICATION, DISTRIBUTION, ETC. (IMPRINT)
Date of publication, distribution, etc. 1998 [1° Ed.:1998 - Ed.Ling.Originale:1998]
300 ## - PHYSICAL DESCRIPTION
Extent "216 p. (prefazione: no ; testo: 216)"
500 ## - GENERAL NOTE
General note Semiotica nella Piazza Universale. Identità ed Eredità Culturale, progetto Comunicativo: Unità e tensioni nella Cultura, Cultura e Comunicazione, Memoria della Cultura e Sua Funzione, Dialogo ed Educare a Comunicare, Metalinguaggio. Migrazioni Simboliche e integrazione dei Linguaggi. Libro e Lettura: Difficile Navigazione. Comprensione Come compito Comunicativo. Aspetti Semiotici dell'Immagine. Telefono, Elenchi telefonici e Piazza Universale. vocabolario e Discorso del Matrimonio. vino e Melanconia: Dai Problemi Aristotelici Agli interrogativi Quotidiani. Mito sacra Scrittura e Fiaba Mitodecaduto. giocare per giocare e giocare per Sapere. in Questo Libro si Ripercorrono Tradizioni e contaminazioni del Presente: Dalla dottrina degli Umori all'immaginario della Maldicenza, Dai Simboli delle Fiabe a quelli dei Testi Letterari, dal Linguaggio degli Elenchi telefonici a Quello degli Oggetti di Consumo, Dalla Pubblicità Alla Comunicazione Quotidiana.
650 ## - SUBJECT ADDED ENTRY--TOPICAL TERM
Topical term or geographic name as entry element SEMIOLOGIA
650 ## - SUBJECT ADDED ENTRY--TOPICAL TERM
Relator term Codice materia Spics: 3251
942 ## - ADDED ENTRY ELEMENTS (KOHA)
Koha item type LIBRO
957 ## -
-- 1
999 ## - SYSTEM CONTROL NUMBERS (KOHA)
-- 1
Dati di copia
Withdrawn status Lost status Damaged status Not for loan Home library Current library Date acquired Total Checkouts Full call number Date last seen Price effective from Koha item type Public note
    Buone Condizioni Not For Loan SPICS-MEDIATECA SPICS-MEDIATECA 08/03/2013   E9361 08/03/2013 08/03/2013 LIBRO Progressivo inserimento: 5555 / N. Volumi: 1 Copie: 1 / data import: 1 marzo 2013 - By Epidotti, Trombetti, Vaglietti.
CREDITS: SOCIETA' SAN PAOLO Via A.Severo, 58 - ROMA (RM) & PERIODICI SAN PAOLO SRL Via Giotto, 36 MILANO & CISF Via Giotto, 36 MILANO & EDIZIONI SAN PAOLO SRL,  Piazza Soncino, 5 CINISELLO BALSAMO (MI) -- ITALY